| 000 | 00586cam a2200217 4500 | ||
|---|---|---|---|
| 001 | D6267 | ||
| 008 | 080124s1983 xxka e 00 deng | ||
| 035 | _a(Sirsi) u93956 | ||
| 041 | 0 | _aeng | |
| 050 | 0 | 4 | _a920 $2 18 |
| 110 | 2 |
_aJones Lang Wootton _92909 |
|
| 245 | 0 | 0 | _aHistorical notes [1783 - 1983] |
| 260 |
_aLondon _bJones Lang Wootton _c1983 |
||
| 300 |
_a[3]p. _bill. _c28cm |
||
| 350 | _a0 | ||
| 520 | _aProvides a brief history of the firm of Jones Lang Wootton. | ||
| 651 | 4 |
_aUnited Kingdom _y |
|
| 690 | _aABOUT RICS-RICS MEMBERS | ||
| 942 | _n0 | ||
| 948 | _c04/03/1997 | ||
| 999 |
_c97871 _d97871 |
||